000 01303pab a2200205 454500
008 180718b2018 xxu||||| |||| 00| 0 eng d
100 _aSrinivasulu, K.
245 _aGreen revolution model and agrarian crisis: towards a perspectival critique
260 _c2018
300 _ap.193-204.
362 _aJun
520 _aIn the dominant interpretation, the agrarian crisis and farmers? suicides have been viewed either as outcomes of individual decisions/actions of the farmers or as caused by vagaries of nature or certain policies. The present study views them as symptomatic of a deeper systemic crisis in agriculture in the post-Green Revolution and post-economic reform period. By examining the transformation of the agrarian question, especially consequent upon the generalisation of the Green Revolution model, this article highlights the importance of the changing dynamics between farm and non-farm sector in terms of accumulation and interaction and the changes in the class?caste relations internal to the rural society as the causes of the crisis. - Reproduced.
650 _aSuicide
650 _aFarmers
650 _aEconomic reforms - India
650 _aGreen revolution
650 _aAgriculture
773 _aIndian Journal of Public Administration
909 _a117325
999 _c117319
_d117319